Riconosci lo Stadio - Europa - Quiz n°8 - Statistics

Statistiche generali
  • Questo quiz è stato fatto 22 volte
  • Il punteggio medio è 3 su 10
Statistiche sulle risposte
con Immagini Risposta % Corretto
Stadio Luigi Ferraris
95%
Old Trafford - Manchester United
71%
Stadion Wals-Siezenheim - Salisburgo
57%
Villa Park - Birmingham
38%
Donbass Arena - Donec'k
29%
Stadio San Pietroburgo - San Pietroburgo
14%
Stadio Feijenoord - Rotterdam
5%
Stadio Asim Ferhatović Hase - Sarajevo
0%
Stadio nazionale di Jamor - Lisbona
0%
Volksparkstadion - Amburgo
0%
Nessun quiz corrispondente trovato
Distribuzione punteggi
Percentuale di utenti per punteggio
Percentile per numero di risposta
I tuoi punteggi nel tempo
Non hai fatto questo quiz